| 000 | 01344nam a22004097a 4500 | ||
|---|---|---|---|
| 003 | CHAP | ||
| 005 | 20220817044159.0 | ||
| 008 | 070924d2007 it ad rn 00110 spa d | ||
| 010 | _a94012 | ||
| 011 | _a94984 | ||
| 020 | _a9789253056774 | ||
| 035 | _a105587 | ||
| 040 | _cCHAP | ||
| 082 | 0 | 4 |
_a630 _bF3Y v.163 |
| 110 | 2 | _aFAO | |
| 245 | 1 | 0 |
_aGuía técnica para producción y análisis de almidón de yuca _c/por Johanna Aristizábal, Teresa Sánchez y Danilo Mejía Lorío |
| 260 |
_aRoma : _bFAO, _c2007. |
||
| 300 |
_a134 p. : _bilus. ; grásf. ; cuad. ; lam. ; diag. |
||
| 410 | 2 | 1 | _aFAO |
| 490 | 0 |
_aFAO. Servicios agrícolas _v; 163 |
|
| 590 |
_aBATCH-UPD _b10 _c20130110 _lUCH01 _h1127 |
||
| 590 |
_aBATCH-UPD _b10 _c20130410 _lUCH01 _h0716 |
||
| 590 |
_aBATCH-UPD _b10 _c20130914 _lUCH01 _h0241 |
||
| 590 |
_aBATCH-UPD _b10 _c20130914 _lUCH01 _h2110 |
||
| 590 |
_aCONVERSION _b10 _c20130109 _lUCH01 _h1352 |
||
| 650 | 1 | 4 |
_aAgricultura. _91172 |
| 650 | 1 | 4 |
_aAlmidón _xAnalisis. _94544 |
| 650 | 1 | 4 |
_aYuca. _9123269 |
| 700 | 1 |
_aAristizábal, Johanna. _97108 |
|
| 700 | 1 |
_aSánchez, Teresa. _9107970 |
|
| 810 | 0 | _aFAO | |
| 830 | 0 | 0 |
_aFAO. Servicios agrícolas _v; 163 _939697 |
| 901 | _aBK | ||
| 905 | _aMarco A. Mendoza T. | ||
| 942 | _cLIBRO | ||
| 949 |
_a630 F3Y v.163 _bBC _cFAO _d33724002036629 _eFAO1 _gDonaciØn _h108825 _i105587 _sb |
||
| 999 |
_c94012 _d94012 |
||